Phrasal Verbs 1-40 FR --> EN - Statistiques

Statistiques générales
  • Ce quiz a été pris 29 fois
  • Le résultat moyen est 15 sur 40
Statistiques - réponses
Français Anglais % Correct
Annuler Call off
80%
Continuer Carry on
80%
Abandonner Give in
80%
Arrêter Give up
80%
Grandir Grow up
80%
Mentionner Bring up
60%
Réduire sa consommation Cut down on
60%
Remplir Fill out
60%
Découvre Find out
60%
Vérifier Go over
60%
Passer du temps Hang out
60%
Attends Hold on
60%
Chercher Look for
60%
Attendre avec plaisir Look forward to
60%
Tomber par chance sur Come across
40%
Trouver une idée Come up with
40%
S'entendre avec Get along with
40%
Revenir Get back
40%
S'en remettre Get over
40%
Continuer Keep on
40%
Ralentir Slow down
40%
Recommencer Do over
20%
Arrêter la séance Drop out
20%
Résoudre Figure out
20%
Continuer Go on
20%
S'occuper de Look after
20%
Examiner Look into
20%
Ramasser Pick up
20%
Mettre Put on
20%
Tolérer Put up with
20%
Manquer de Run out of
20%
Arriver Show up
20%
Parler plus fort Speak up
20%
Se réconcilier Make up
0%
Être faible Pass out
0%
Montrer Point out
0%
Reporter Put off
0%
Tomber sur Run into
0%
Configurer Set up
0%
Fermer Shut down
0%
Aucun quiz correspondant
Distribution des résultats
% des personnes avec chaque résultat
Percentile par nombre de réponses
Votre historique - résultats
Vous n’avez pas pris ce quiz